Movimento da populaçâo : (Record no. 178451)

MARC details
000 -LEADER
campo de control de longitud fija 00771nas a2200217 i 4500
001 - NÚMERO DE CONTROL
campo de control 178451
003 - IDENTIFICADOR DE NÚMERO DE CONTROL
campo de control ES-MaACL
005 - FECHA Y HORA DE LA ÚLTIMA TRANSACCIÓN
campo de control 20250217134859.0
008 - DATOS DE LONGITUD FIJA--INFORMACIÓN GENERAL
campo de control de longitud fija 110530d1887 po a| | ||or d
245 00 - MENCIÓN DEL TÍTULO
Título Movimento da populaçâo :
Resto del título estado civil, emigraçao : estatistica especial.
260 ## - PUBLICACIÓN, DISTRIBUCIÓN, ETC.
Lugar de publicación, distribución, etc. Lisboa :
Nombre del editor, distribuidor, etc. Ministerio das Obras Publicas, Commercio é Industria. Direcçao geral do Commercio e Industria,
Fecha de publicación, distribución, etc. 1887-
300 ## - DESCRIPCIÓN FÍSICA
Extensión 2 v.(198 ; 193 p.) ;
Dimensiones 27 cm.
310 ## - PERIODICIDAD ACTUAL
Periodicidad actual Anual
362 0# - FECHAS DE PUBLICACIÓN Y/O DESIGNACIÓN SECUENCIAL
Fecha de publicación y/o designación secuencial A.1 (1887)-
651 #4 - PUNTO DE ACCESO ADICIONAL DE MATERIA--NOMBRE GEOGRÁFICO
Nombre geográfico Portugal-
Subdivisión general Población.
9 (RLIN) 173546
651 #4 - PUNTO DE ACCESO ADICIONAL DE MATERIA--NOMBRE GEOGRÁFICO
Nombre geográfico Portugal-
Subdivisión general Situación social.
9 (RLIN) 171773
710 0# - ENTRADA AGREGADA--NOMBRE DE ENTIDAD CORPORATIVA
Nombre de entidad corporativa o nombre de jurisdicción como elemento de entrada Portugal.
Unidad subordinada Direcção Geral do Comércio e Industria.
9 (RLIN) 6243
852 ## - LOCALIZACIÓN
Ubicación ES-MaACL
Número de control de estantería Hem-36
866 #0 - MENCIÓN TEXTUAL DE FONDOS--UNIDAD BIBLIOGRÁFICA BÁSICA
Fondos 1887, 1890.
Holdings
Estatus retirado Estado de pérdida Estado de daño No para préstamo Colección Biblioteca de origen Biblioteca actual Ubicación en estantería Fecha de adquisición Fuente de adquisición Total de préstamos Signatura topográfica completa Código de barras Visto por última vez Precio de reemplazo Tipo de ítem Koha
        Periódicos y Revistas Biblioteca del Ateneo de Madrid Biblioteca del Ateneo de Madrid Depósito 1 30/05/2011     Hem-36 1187452 23/02/2023 23/02/2023 Revista